Amazing rain forest / (Record no. 8010)

MARC details
000 -LEADER
fixed length control field 00727nam a22002537a 4500
001 - CONTROL NUMBER
control field 8010
003 - CONTROL NUMBER IDENTIFIER
control field FISKH
005 - DATE AND TIME OF LATEST TRANSACTION
control field 20250827142548.0
008 - FIXED-LENGTH DATA ELEMENTS--GENERAL INFORMATION
fixed length control field 250818b cb ||||| |||| 00| 0 eng d
020 ## - INTERNATIONAL STANDARD BOOK NUMBER
International Standard Book Number 9781595151513
040 ## - CATALOGING SOURCE
Original cataloging agency FISKH
Language of cataloging eng
Transcribing agency FISKH
Modifying agency FISKH
050 ## - LIBRARY OF CONGRESS CALL NUMBER
Classification number QH86.O39
082 ## - DEWEY DECIMAL CLASSIFICATION NUMBER
Classification number 577.34
100 ## - MAIN ENTRY--PERSONAL NAME
Personal name O'Hare, Ted
245 ## - TITLE STATEMENT
Title Amazing rain forest /
260 ## - PUBLICATION, DISTRIBUTION, ETC.
Place of publication, distribution, etc. Florida ;
Name of publisher, distributor, etc. Rourke,
Date of publication, distribution, etc. 2005.
300 ## - PHYSICAL DESCRIPTION
Extent 24 pages :
Other physical details color illustrations ;
Dimensions 19 cm
505 ## - FORMATTED CONTENTS NOTE
Formatted contents note K<br/>
520 ## - SUMMARY, ETC.
Summary, etc. Presents a short study of tropical rain forests and the different species of plant and animal life that inhabit them.
521 8# - TARGET AUDIENCE NOTE
Target audience note 510<br/>
Source Lexile<br/>
521 8# - TARGET AUDIENCE NOTE
Target audience note K<br/>
Source Raz-Plus<br/>
942 ## - ADDED ENTRY ELEMENTS (KOHA)
Source of classification or shelving scheme Dewey Decimal Classification
Koha item type Books
Suppress in OPAC No
Holdings
Withdrawn status Lost status Source of classification or shelving scheme Damaged status Not for loan Collection Home library Current library Shelving location Date acquired Total Checkouts Full call number Barcode Date last seen Copy number Price effective from Koha item type
    Dewey Decimal Classification     Non-Fiction Footprints International School Library Network Toul Kork Campus Footprints International School Library Network Toul Kork Campus TK Primary Library Room(4th Floor), Bookcase 3&4, Shelves 17-32, Yellow Books 08/18/2025   O'HA 577.34 QH86.O39 FISTK02371 08/18/2025 1 08/18/2025 Books
    Dewey Decimal Classification     Non-Fiction Footprints International School Library Network Toul Tom Poung Campus Footprints International School Library Network Toul Tom Poung Campus TTP Primary Yellow Bookshelves 08/27/2025   O'HA 577.34 QH86.O39 FIS01524 08/27/2025 2 08/27/2025 Books